000 00259nam a2200109Ia 4500
008 220120s9999||||xx |||||||||||||| ||und||
100 _aBasavaraju, S.P
245 0 _aEngineering physics
260 _aSubhas stores
_c2006
300 _b0
650 _aMANAGEMENT
999 _c136810
_d136810